| 000 | 00815nam a2200265Ia 4500 | ||
|---|---|---|---|
| 003 | GCL | ||
| 005 | 20240530105414.0 | ||
| 008 | 140319s9999 xx 000 0 ara d | ||
| 040 |
_aGCL / _cGCL |
||
| 082 | 0 | 4 |
_a327.112 _bح م |
| 100 | 1 | _aحسن التهامى | |
| 245 | 1 | 0 |
_aمعركة الحزام الذهبى الاولى / _cحسن التهامى |
| 260 |
_a[S.N] : _bلا يوجد ، _c1990 |
||
| 300 | _a302 ص | ||
| 650 | 0 | 4 | _aالاحوال السياسية |
| 650 | 0 | 4 | _aالنزاع العربى الاسرائيلى |
| 650 | 0 | 4 | _aالوطن العربى |
| 650 | 0 | 4 | _aالاحوال الاقتصادية |
| 650 | 0 | 4 | _aالبترول |
| 650 | 0 | 4 | _aحرب الخليج |
| 650 | 0 | 4 | _aاوربا |
| 650 | 0 | 4 | _aحرب اكتوبر 1973 |
| 700 | 1 | _aمحمد الطويل | |
| 942 |
_2ddc _cBK |
||
| 999 |
_c55718 _d55718 |
||